00459nam a22001577a 450000500170000000800090001704100080002608200110003410000340004524501090007926000090018830000170019765000150021465000470022965000250027620220624101419.0Español aspa aTU 123 aBriceño Ruiz, Diego Alfonso aInforme de práctica supervisada realizada en la Asociación Costarricense de Profesionales en Turismo c2018 a23 páginas aCOSTA RICA aASOCIACIÓN COSTARICENSE DE PROFESIONALES aDESARROLLO OPERATIVO